| 000 | 00835nam a2200277 a 4500 | ||
|---|---|---|---|
| 001 | 72532 | ||
| 003 | BD-RjUL | ||
| 005 | 20211209082255.0 | ||
| 008 | 170520s1965 enk 001 0 eng u | ||
| 035 | _a(BD-RjUL)72750 | ||
| 040 |
_cBGU _dNLM _dDAB _dUKM _dOCL _dEQO _aBD-RjUL _beng |
||
| 041 | _aeng | ||
| 082 |
_223 _a572.8 _bSTM 1965 |
||
| 100 | 1 |
_aSteiner, Robert F. _9214526 |
|
| 245 | 1 | 0 |
_aMolecules and life / _cby Robert F. Steiner and Harold Edelhoch. |
| 260 |
_aPrinceton, N.J. : _bVan Nostrand, _c1965 |
||
| 300 |
_a207 p. : _bill. ; _c21 cm. |
||
| 504 | _aIncludes bibliographies. | ||
| 650 | 0 |
_aMolecular biology. _9214527 |
|
| 650 | 0 |
_aCytogenetics. _9214528 |
|
| 650 | 2 |
_aCytology. _9214529 |
|
| 650 | 2 |
_aNucleic Acids. _9165151 |
|
| 650 | 2 |
_aProteins. _9214530 |
|
| 700 | 1 |
_aEdelhoch, Harold. _9214531 |
|
| 942 |
_2ddc _cBK |
||
| 999 |
_c72532 _d72532 |
||